Archivmaterialien zu Wolfgang Weber, 1935-

Gespeichert in:  
Bibliographische Detailangaben
1. VerfasserIn: Weber, Wolfgang 1935- (Verfasst von)
Medienart: Elektronisch Archivmaterial
Sprache:Deutsch
In:Jahr: 2019
Online-Zugang: Archivdatenbank (Archivportal-D)
Verfügbarkeit prüfen: HBZ Gateway

MARC

LEADER 00000npc a22000002 4500
001 LR119331543
003 PipeLineGenerated
005 20260508112529.0
008 190606s2019 xx ||||| 00| ||ger c
100 |a Weber, Wolfgang  |0 (DE-588)119331543  |0 (DE-627)695986821  |d 1935- 
245 |a Archivmaterialien zu Wolfgang Weber, 1935- 
856 |u https://www.archivportal-d.de/person/gnd/119331543  |3 Archivdatenbank (Archivportal-D) 
ELC |a 1